000 00498nam a2200145Ia 4500
008 100122s9999 xx 000 0 und d
082 _b43467
_a922.945
100 _aओशो
245 _aशैशवीचा रावो भाग - 1
260 _bजीवन जागृती केंद्र प्रकाशन
_c1989
300 _a170
630 _aशैशवीचा रावो भाग - 1
730 _aशैशवीचा रावो भाग - 1
942 _cBOOK
999 _c423503
_d423500